Sports Quiz

Random Sports Quiz

Top Ten Players In NFC North History Quiz Stats

 Plays Quiz not verified by Sporcle

Support Sporcle.
Go Orange.
Score 0/10 Timer 03:00
0 Plays Today
% Correct
Brett Favre
98.5%
Walter Payton
86.2%
Barry Sanders
83.1%
Bart Starr
72.3%
Dick Butkus
67.7%
Mike Singletary
47.7%
Jim Taylor
35.4%
Sid Luckman
24.6%
Paul Krause
9.2%
Allen Paige
7.7%

You're not logged in!

Compare scores with friends on all Sporcle quizzes.
OR
Log In

From the Vault

Famous Friends Guest Stars

by Gilkey

We'd like to see any other show get this many famous guest stars.
Remove Ads.
Support Sporcle.
Get the best of Sporcle when you Go Orange. This ad-free experience offers more features, more stats, and more fun while also helping to support Sporcle. Thank you for becoming a member.

Show Comments

Extras

Created Feb 14, 2011ReportNominate
Tags:nfc, NFC North, north, Player, ten

Top Quizzes Today


Score Distribution

Your Account Isn't Verified!

In order to create a playlist on Sporcle, you need to verify the email address you used during registration. Go to your Sporcle Settings to finish the process.

Report this User

Report this user for behavior that violates our Community Guidelines.

Details: